Nova Express / William Burroughs
Novela de ciencia ficción que gira en torno a un inspector de policía, el cual debe de lidiar constantemente con delincuentes, sin embargo, está aburrido de que la corrupción y el mal ejemplo de los jueces repercutan en las condenas de los criminales, por lo que decide realizar acciones por su propi...
Na minha lista:
| Autor principal: | |
|---|---|
| Formato: | Livro |
| Idioma: | Undetermined |
| Publicado em: |
Barcelona, España
Bruguera
1983
|
| Edição: | 2 |
| Assuntos: | |
| Tags: |
Adicionar Tag
Sem tags, seja o primeiro a adicionar uma tag!
|
MARC
| LEADER | 00000nam a2200000Ia 4500 | ||
|---|---|---|---|
| 008 | 170316s9999 xx 000 0 und d | ||
| 040 | |a cru BVZT | ||
| 090 | |a 810 B-28n | ||
| 100 | |a Burroughs, William | ||
| 245 | |a Nova Express / William Burroughs | ||
| 250 | |a 2 | ||
| 260 | |a Barcelona, España |b Bruguera |c 1983 | ||
| 300 | |a 186 páginas | ||
| 520 | |a Novela de ciencia ficción que gira en torno a un inspector de policía, el cual debe de lidiar constantemente con delincuentes, sin embargo, está aburrido de que la corrupción y el mal ejemplo de los jueces repercutan en las condenas de los criminales, por lo que decide realizar acciones por su propia cuenta. Nova express, escrita en 1964 por William Burroughs, es una crítica social a los comportamientos de la ciudadanía y de los gobiernos de una forma futurista. | ||
| 650 | |a LITERATURA ESTADOUNIDENSE |9 25 | ||
| 999 | |c 5461 |d 5461 | ||
| 942 | |c 15 D |h 810 B-28n |2 z | ||
